01118 2200337 4500001002100000005001500021035002500036008004100061020002200102082001700124100001900141245013900160250003900299260002900338300004300367504003000410650002100440700001700461700001800478700003000496850001200526040001200538084001700550500006100567500006700628041001300695990001800708990001800726990001800744990001800762YOGYA-0411000000217520180504082910 a0010-041100000002175180424s yoi ind d a978-979-683-783-0042[23]a808.061 aCREME, Phyllis1 aPanduan menulis untuk mahasiswa & pelajar /cPhyllis Creme, Mary R. Lea; alih bahasa, Raphaella Diah Imaningrum; editor, Lidia Evelina aEdisi kedua, Cetakan pertama, 2008 aJakarta :bIndeks,c2008 axii, 246 halaman :bilustrasi ;c23 cm aBibliografi: hlm. 245-246 4aTeknik penulisan1 aLEA, Mary R.0 aLIDIA EVELINA0 aRAPHAELLA DIAH IMANINGRUM aYOPDYOG aYOPDYOG a808.06 Cre P aJudul asli : Writing at university: a guide for students aTeks dalam bahasa Indonesia, diterjemahkan dari bahasa Inggris1 aindheng a47806-PD/B.09 a51808-PD/B.10 a51809-PD/B.10 a51807-PD/B.10